000 01542nam a2200433 c 4500
001 58638
003 CO-BoRNBP
005 20250827154021.0
007 ta
008 221024s20132020ck a br 000 fdspa d
020 _a9789587054422
040 _aCO-BoRNBP
_bspa
_erda
_cCO-BoRNBP
041 1 _aspa
_hswe
084 _aN
100 1 _aGripe, Maria,
_d1923-2007
_eaut
245 1 4 _aLos hijos del vidriero /
_cMaría Gripe ; traducido por Julia de Arnau ; ilustrado por Harald Gripe.
250 _aPrimera edición
_bSéptima reimpresión
264 1 _aBogotá, Colombia :
_bEdiciones SM,
_c2020
300 _a191 páginas :
_bilustraciones
336 _atexto
_btxt
_2rdacontent
337 _asin mediación
_bn
_2rdamedia
338 _avolumen
_bnc
_2rdacarrier
521 _aRecomendado para un público infantil mayor de 9 años
534 _tGlasbasarns barn
545 _aIncluye datos biográficos de la autora en la contracarátula
586 _aPremio Andersen, 1974. Declarado libro de interés infantil por el Ministerio de Cultura
650 0 4 _aLiteratura sueca
_ySiglo XX
_2LEMB
_962903
650 0 7 _aNiños
_vNovela
_2LEMB
_963626
650 0 4 _aNovela sueca
_ySiglo XX
_2LEMB
_962904
650 0 7 _aProtección del medio ambiente
_2LEMB
650 0 7 _aSecuestro
_vNovela
_2LEMB
_963719
650 0 7 _aFamilia
_vNovela
_2LEMB
_9429
655 _aNovela
_963194
655 _aNovela
_963194
655 _aNovela
_963194
700 _aArnau, Julia de
_etrl
_963720
700 _aGripe, Harald
_eill
_940767
942 _2loc
_cBKLITI
999 _c58638
_d58638